| 000 | 01018nam a2200265Ia 4500 | ||
|---|---|---|---|
| 003 | OSt | ||
| 005 | 20220923211523.0 | ||
| 006 | a|||||r|||| 00| 0 | ||
| 007 | ta | ||
| 008 | 220922b |||||||| |||| 00| 0 hin d | ||
| 020 |
_a9789380943756 (hbk) _c375 |
||
| 024 | _a348,793 | ||
| 037 |
_b327, 13/03/2019, Eastern Book Linkers _cTextual |
||
| 040 |
_aARTS _cARTS _bhin |
||
| 041 |
_2hin _ahin |
||
| 082 | _aND44, 152Q7 | ||
| 100 | _aसॉंचीहर, मनीषा, ले. | ||
| 245 | 0 | _aरमणीय राजसमंद एवं नौचौकी शिल्प | |
| 246 | _aRamaṇīya rājasahinda evan nauchaukī shilpa | ||
| 260 |
_aदिल्ली _b आर्यावर्त्त संस्कृति संस्थान _c2017 |
||
| 300 |
_a240पृ. _ccm. |
||
| 650 |
_aललित कला _9156314 |
||
| 942 |
_hND44, 152Q7 _cTEXL _2CC |
||
| 999 |
_c300373 _d300373 |
||